02687nam a2200361 u 450000100070000000500170000700800410002403500110006504000130007604100080008908000060009708200080010310000450011124501020015626000430025830000140030152013150031565000340163065000440166465000280170865000400173665000330177665000390180970000450184870000420189370000500193594200100198599900190199550200100201452600070202495201670203195201270219845692020260506082900.0990615s1999 ||||||m| spa  a456920 ccomduadb aspa aD 4a65810aRivera Mejia, Euclides4auteaut929116710aEstudio de factibilidad para la creación de una comercializadora de carnes en Monteria, Cordoba aMedellín :b[sin publicador],c1999. a203 hojas3 aEl estudio consta de las siguientes partes: -Un diagnostico breve de la economia cordobesa, especialmente enfocado al sector agropecuario. -El planteamiento del problema relacionado con el mayor consumo de la carne en los cinco principales ciudades del pais. El estudio de mercado de mercado donde se analizan las características de la demanda, el tipo de carne en canal que requiere el mercado, y el volumen posible que demanda ese mercado. El estudio técnico comprende el análisis de ingenieria del proyecto, que no sera propio de la empresa comercializadora sino de la empresa que vende el servicio de sacrificio de ganado (Frigosinu). -Análisis Financiero comprende el estudio de los costos de produccion, los gastos de administracion y venta y los ingresos del proyecto. -Evaluacion economica; esta comprende el calculo de VPN, la TIR y el analisis de sensibilidad del proyecto. -La evaluacion social, comprende los beneficios que generara el proyecto para la economia regional, nacional y los consumidores. -El impacto ambiental; comprende el analisis de incidencia del proyecto en el medio ambiente y la forma como se mitigaran estos impactos; este manejo estara a cargo de la empresa que vendera el servicio de sacrificio de ganado. Por último se presentan las conclusiones y recomendaciones. aMontería (Córdoba)961979 7aEvaluación de proyectos2embne962679 aConsumo de carne916766 aImpacto ambiental - España941885 aIndustria de la carne994931 7aProyecto de empresa2embne912338510aBaena Lopez, Edelberto4auteaut929116510aVergara Cruz, Xenia4auteaut929116810aGiraldo Henao, Luis Antonio4thseths9321778 cTESIS c114882d114882 b65c9 a65 001040708TESISBCaBCbBCd1999-06-15eMaterial adquirido por donacióniC524417l0o658.404 R621ep6-10000003305388r2023-04-22 00:00:00t1w2023-04-22yTESIS 001040708GENERALaCIEbCIEd2009-07-10iC1055631l0oD/01635p61000004399552r2023-04-22 00:00:00t2w2023-04-22yTESIS